000 00332 a2200145 4500
001 148855
040 _cEscola São Tomás de Aquino
100 _aPAULA, Branca Maria de
240 1 0 _aPacífico o gato
_lpor
245 1 0 _aPacífico o gato
362 0 _a1999
440 1 _aPaulinas
697 _a*LITERATURA INFANTO
942 _cBK
999 _c148855
_d148855